000
00330 a2200157 4500
001
76216
020
_a
9788568500718
040
_c
Anchieta - Colégio São Paulo
100
_a
Vianco, André
240
1
0
_a
Vampiro:
_l
por
245
1
0
_a
Vampiro:
300
_a
47
362
0
_a
2014
650
4
_a
Literatura juvenil
942
_c
BK
999
_c
76216
_d
76216